| 000 | 00405cam a22001217a 4500 | ||
|---|---|---|---|
| 008 | 180718b1975 xxu||||| |||| 00| 0 eng d | ||
| 082 | _aA81x54 In2/71/19/Pt 5 B/1 | ||
| 100 | _aCensus of India 1971 | ||
| 245 | _aTamil Nadu: scheduled castes | ||
| 260 |
_aDelhi _bThe Controller of Publications _c1975 |
||
| 300 | _a392+p. | ||
| 440 | _aCensus of India 1971. Series-19, Tamil Nadu. Part V-B-ethnographic notes | ||
| 999 |
_c485539 _d485539 |
||